[Event "CRI-ch (Women)"]
[Site "San Jose"]
[Date "2024.02.04"]
[Round "3"]
[White "Jimenez Salas, Kristel"]
[Black "Villalta Ramirez, Freivelyn"]
[Result "1-0"]
[WhiteElo "1231"]
[BlackElo "1553"]
[PlyCount "41"]
[EventDate "2024.02.03"]
[EventType "swiss"]
[EventRounds "9"]
[EventCountry "CRI"]
[SourceTitle "CB08_2024"]
[SourceDate "2024.02.21"]
[SourceVersion "1"]
[SourceVersionDate "2024.02.21"]
[SourceQuality "1"]

1. d4 d6 2. c4 Nf6 3. Nc3 g6 4. Nf3 Bg7 5. e4 b6 6. Bd3 Nc6 7. Bc2 Ba6 8. b3 e5 9. d5 Ne7 10. 0-0 Qd7 11. Be3 Ng4 12. Bd2 f5 13. Ng5 fxe4 14. Ne6 Bh6 15. Bxh6 Nxh6 16. Nxe4 Nhg8 17. Qf3 Qc8 18. Qh3 Kd7 19. f4 c6 20. dxc6+ Kxc6 21. Nd4+ 1-0